00541nam a2200181 a 45000010010000000030011000100080041000210350026000620820014000881000018001022450027001202600050001476500025001979420012002229520090002349980020003249990015003440000-9245ELIB.Books110520 1988  a(ELIB.Books)0000-9397 a133 bBay aBayly, Joseph aWhat about Horoscopes? bLondon: Covedale House Publishers Ltd. c1988 aHoroscapis Astrology 2ddccBK 00102ddc4070aKBTSbKBTSd2011-05-20l0p2615r2022-01-22 00:00:00w2022-01-22yBK cbate2011-05-20 c9245d9245